000
00283nam a2200109Ia 4500
008
171211s9999 xx 000 0 und d
245
_a
50 Games for Going Green
245
_c
Carol Scaini
260
_c
2012
650
_x
GAMES
856
_u
http://down.ebook777.com/052/1450419909.pdf
999
_c
348957
_d
348957